| 000 | 00495nam a2200157 i 4500 | ||
|---|---|---|---|
| 001 | 102323 | ||
| 003 | ES-MaACL | ||
| 005 | 20230906183102.0 | ||
| 007 | t| | ||
| 008 | 051108s1978 sp ||||1| spa d | ||
| 100 | 1 |
_aUreña, Enrique M. _9112125 |
|
| 245 | 1 | 3 |
_aLa teoría crítica de la sociedad de Habermas _b: la crisis de la sociedad industrializada / _cEnrique Menéndez Ureña. |
| 260 |
_aMadrid : _bTecnos, _c1978. |
||
| 300 |
_a144 p. ; _c24 cm. |
||
| 852 |
_aES-MaACL _jA-8344 _bR.97606 |
||
| 999 |
_c102323 _d102323 |
||